Back to the future (Record no. 79007)

MARC details
000 -LEADER
fixed length control field 01358cab a22002535a 4500
001 - CONTROL NUMBER
control field L138831
008 - FIXED-LENGTH DATA ELEMENTS--GENERAL INFORMATION
fixed length control field 070713s2007 xxk f 000 0 eng d
035 ## - SYSTEM CONTROL NUMBER
System control number (Sirsi) u138831
041 0# - LANGUAGE CODE
Language code of text/sound track or separate title eng
100 1# - MAIN ENTRY--PERSONAL NAME
Personal name Jones, Robert
245 00 - TITLE STATEMENT
Title Back to the future
260 ## - PUBLICATION, DISTRIBUTION, ETC.
Date of publication, distribution, etc. 2007
490 ## - SERIES STATEMENT
Series statement RICS Business
Volume/sequential designation June 2007, 26-27(2)
520 ## - SUMMARY, ETC.
Summary, etc. Looks back on the history of planning reform over the last century. Provides an overview of regular and ongoing problems with the system. Planning laws are becoming more complex with continuing reform. Regulations were over simplistic in earlier times, but held the advantage that all parties could understand the situation. Examines the major legislative milestones, particularly the four Planning Acts of 1990. Provides a timeline of major events. Argues that the current public perception is of an overloaded planning system. It is failing due to a lack of resources and inability to employ the right people.
590 ## - LOCAL NOTE (RLIN)
Local note KA
650 24 - SUBJECT ADDED ENTRY--TOPICAL TERM
Topical term or geographic name entry element PLANNING (LISTED BUILDINGS AND CONSERVATION AREAS) ACT 1990
650 24 - SUBJECT ADDED ENTRY--TOPICAL TERM
Topical term or geographic name entry element PLANNING (HAZARDOUS SUBSTANCES) ACT 1990
650 24 - SUBJECT ADDED ENTRY--TOPICAL TERM
Topical term or geographic name entry element PLANNING (CONSEQUENTIAL PROVISIONS) ACT 1990
650 24 - SUBJECT ADDED ENTRY--TOPICAL TERM
Topical term or geographic name entry element TOWN AND COUNTRY PLANNING ACT 1947
650 24 - SUBJECT ADDED ENTRY--TOPICAL TERM
Topical term or geographic name entry element TOWN AND COUNTRY PLANNING ACT 1990
651 #4 - SUBJECT ADDED ENTRY--GEOGRAPHIC NAME
Geographic name United Kingdom
Chronological subdivision
690 ## - LOCAL SUBJECT ADDED ENTRY--TOPICAL TERM (OCLC, RLIN)
Topical term or geographic name as entry element Planning and development
9 (RLIN) 6259
942 ## - ADDED ENTRY ELEMENTS (KOHA)
Suppress in OPAC 0
Holdings
Withdrawn status Lost status Source of classification or shelving scheme Damaged status Not for loan Home library Current library Shelving location Date acquired Total Checkouts Full call number Barcode Date last seen Copy number Price effective from Koha item type
    Dewey Decimal Classification     London London Journal article 13/07/2007   ONLINE PUBLICATION 138831-1001 06/08/2019 1 06/08/2019 Journal article